000 00449nam a22001457a 4500
008 151210b xxu||||| |||| 00| 0 eng d
020 _a9781428257726
050 _aP 95045 .Y34 2008
100 _aYagelski Robert p
_d2008
245 _aThe cengage Reader.
_cRobert, P Yagelski.
260 _aUnited States:
_bCengage,
_c2008.
300 _axxvii,716p.ill.:
700 _aRobert P Yagelski
942 _2lcc
_cBOOKS
_hP 95045 .Y34 2008
999 _c10921
_d10921